00292nam a2200121Ia 4500008004100000100002800041245002600069260002800095300000900123650001400132942000700146999001700153190216s9999||||xx |||||||||||||| ||und|| aPonkunnam Sayedmohammed 0aMahammadam Mahakavyam bSuni Publicationsc1978 a412p aKavithkal cBK c25395d25395